Sonhos (Registo nº 3290)

Detalhes MARC
000 -Etiqueta do registo
Cabeçalho 00672nam a22002651 4500
005 - Identificador da versão
Campo de controlo 20240813121958.0
010 ## - Número internacional normalizado dos livros (ISBN)
Número (ISBN) 9722114468
021 ## - Número do Depósito Legal
Código do país PT
Número 172470/01
100 ## - Dados gerais de processamento
Dados gerais de processamento 20050723d2001 c y0pory5003 ba
102 ## - Pais de publicação ou produção
País de publicação Portugal
101 1# - Língua de publicação
Língua do texto, banda sonora, etc. Português
Língua do documento no original Inglês
106 ## - Campo de dados codificados: material textual
Dados codificados do material textual r
105 ## - Campo de dados codificados: livros
Dados codificados dos livros a z 000zy
215 ## - Descrição física 
Indicação específica da natureza do documento e extensão da espécie [8] p.
Outras indicações físicas il.
Dimensões 20 cm
200 1# - Titulo e menção de responsabilidade
Título próprio Sonhos
Primeira menção de responsabilidade Ian Beck
210 ## - Publicação, Distribuição, etc. 
Lugar da edição, distribuição, etc. Lisboa
Nome do editor, distribuidor, etc. Caminho
Data da publicação, distribuição, etc. imp. 2001
304 ## - Notas relativas a título e menção de responsabilidade 
Texto da nota Tít. orig.: My book of dreams
606 ## - Nome comum usado como assunto
Número de registo de entrada de autoridade 0000006
Palavra de ordem Literatura estrangeira infantil
675 ## - Classificação Decimal Universal (CDU)
Notação 82-93
Edição
Língua da edição por
700 #1 - Nome de autor-pessoa física (responsabilidade principal)
Número de registo de entrada de autoridade 0001424
Palavra de ordem Beck
Outra parte do nome não tomada para palavra de ordem Ian
942 ## - Elementos de entrada adicionados (Koha)
Tipo de item no Koha Livro
Exemplares
Situação do levantamento Origin of item (home branch) (coded) Biblioteca de empréstimo Código de barras Cota Circulation type (not for loan) Tipo de documento Nota do exemplar Damaged status
  Biblioteca Escolar da Coca Maravilhas Biblioteca Escolar da Coca Maravilhas BECM6963/05 8EST BEC   Livro Sem mensagem